000 00224 a2200097 4500
001 28316
100 _aTheraja, B L
245 _aText Book of Electrical Technology
260 _a
_bNiraj Parakashan
_c
090 _c18925
_d18925
942 _aNUST-CAE
_cM
_c9919
999 _c263389
_d263389